|
|
|
|
| LEADER |
01125nam a2200361 4500 |
| 001 |
DLU090092581 |
| 005 |
##20091201 |
| 040 |
# |
# |
|a DLU
|b eng
|
| 041 |
# |
# |
|a eng
|
| 044 |
# |
# |
|a us
|
| 245 |
# |
# |
|a Identification and characterization of a GDSL esterase gene located proximal to the swr quorum-sensing system of serratia liquefaciens MG1 /
|c Kathrin Riedel ... [et al.].
|
| 653 |
# |
# |
|a Biosynthesis
|
| 653 |
# |
# |
|a Characterization
|
| 653 |
# |
# |
|a Enzyme
|
| 653 |
# |
# |
|a Escherichia coli
|
| 653 |
# |
# |
|a Identification
|
| 653 |
# |
# |
|a Motility
|
| 653 |
# |
# |
|a Serratia liquefaciens
|
| 700 |
# |
# |
|a Eberl, Leo.
|
| 700 |
# |
# |
|a Givskov, Michael.
|
| 700 |
# |
# |
|a Riedel, Kathrin.
|
| 700 |
# |
# |
|a Schwab, Helmut.
|
| 700 |
# |
# |
|a Talker-Huiber, Daniela.
|
| 773 |
# |
# |
|t Applied and Environmental Microbiology
|g Vol. 69, no. 7 (July 2003), p. 3901-3910
|
| 920 |
# |
# |
|a Phòng Tạp chí -- Trung tâm Thông tin - Thư viện Trường Đại học Đà Lạt
|
| 994 |
# |
# |
|a DLU
|
| 900 |
# |
# |
|a True
|
| 911 |
# |
# |
|a Trương Bảo Trâm Anh
|
| 925 |
# |
# |
|a G
|
| 926 |
# |
# |
|a A
|
| 927 |
# |
# |
|a BB
|
| 980 |
# |
# |
|a Thư viện Trường Đại học Đà Lạt
|